| 000 -LEADER |
| fixed length control field |
00524cam a22001817a 4500 |
| 008 - FIXED-LENGTH DATA ELEMENTS--GENERAL INFORMATION |
| fixed length control field |
180718b2004 xxu||||| |||| 00| 0 eng d |
| 020 ## - INTERNATIONAL STANDARD BOOK NUMBER |
| International Standard Book Number |
0324271581 |
| 082 ## - DEWEY DECIMAL CLASSIFICATION NUMBER |
| Classification number |
I5 H793 |
| 100 ## - MAIN ENTRY--PERSONAL NAME |
| Personal name |
Hoskisson, Robert E. |
| 245 ## - TITLE STATEMENT |
| Title |
Competing for advantage |
| Statement of responsibility, etc. |
by Robert E. Hoskisson, Michael A. Hitt and R. Duane Ireland |
| 260 ## - PUBLICATION, DISTRIBUTION, ETC. |
| Place of publication, distribution, etc. |
Ohio |
| Name of publisher, distributor, etc. |
South-Western |
| Date of publication, distribution, etc. |
2004 |
| 300 ## - PHYSICAL DESCRIPTION |
| Extent |
396+p. |
| 650 ## - SUBJECT ADDED ENTRY--TOPICAL TERM |
| Topical term or geographic name entry element |
Globalization |
| 650 ## - SUBJECT ADDED ENTRY--TOPICAL TERM |
| Topical term or geographic name entry element |
Competition |
| 650 ## - SUBJECT ADDED ENTRY--TOPICAL TERM |
| Topical term or geographic name entry element |
Strategic planning |
| 700 ## - ADDED ENTRY--PERSONAL NAME |
| Personal name |
Ireland, R. Duane |
| 700 ## - ADDED ENTRY--PERSONAL NAME |
| Personal name |
Hitt, Michael A. |